Jovellanos : (Record no. 152978)

MARC details
000 -LEADER
campo de control de longitud fija 01043nam a2200253 i 4500
001 - NÚMERO DE CONTROL
campo de control 152978
003 - IDENTIFICADOR DE NÚMERO DE CONTROL
campo de control ES-MaACL
005 - FECHA Y HORA DE LA ÚLTIMA TRANSACCIÓN
campo de control 20240116185036.0
008 - DATOS DE LONGITUD FIJA--INFORMACIÓN GENERAL
campo de control de longitud fija 940301s1893 sp |||| | spa d
080 ## - NÚMERO DE LA CLASIFICACIÓN DECIMAL UNIVERSAL
Número de la Clasificación Decimal Universal 821.134.2-293"18"
080 ## - NÚMERO DE LA CLASIFICACIÓN DECIMAL UNIVERSAL
Número de la Clasificación Decimal Universal 929 Jovellanos, Melchor Gaspar de (0:82)
100 1# - ENTRADA PRINCIPAL--NOMBRE DE PERSONA
Nombre de persona Rodríguez Carracido, José,
Fechas asociadas al nombre 1856-1928
9 (RLIN) 98407
245 10 - MENCIÓN DEL TÍTULO
Título Jovellanos :
Resto del título ensayo dramático-histórico /
Mención de responsabilidad, etc. por José R. Carracido.
260 ## - PUBLICACIÓN, DISTRIBUCIÓN, ETC.
Lugar de publicación, distribución, etc. Madrid :
Nombre del editor, distribuidor, etc. [s.n.],
Fecha de publicación, distribución, etc. 1893 (
Fabricante Imp. de Fortanet)
300 ## - DESCRIPCIÓN FÍSICA
Extensión 199 p., [1] h. de lám. ;
Dimensiones 18 cm.
505 8# - NOTA DE CONTENIDO CON FORMATO
Nota de contenido con formato Apéndice: Tentativa del general Sebastiani
530 ## - NOTA DISPONIBLE DE FORMULARIO FÍSICO ADICIONAL
Nota de formato físico adicional disponible Disponible en formato digital.
599 ## - NOTA A LAS ILUSTRACIONES
NOTA A LAS ILUSTRACIONES Lám.: retr. de Jovellanos.
600 14 - PUNTO DE ACCESO ADICIONAL DE MATERIA--NOMBRE DE PERSONA
Nombre de persona Jovellanos, Gaspar Melchor de,
Fechas asociadas al nombre 1744-1811-
Subdivisión de forma Teatro
9 (RLIN) 172981
700 1# - ENTRADA AGREGADA--NOMBRE PERSONAL
Nombre de persona Sebastiani, Horace (
Fechas asociadas al nombre 1772-1851)
9 (RLIN) 172980
852 ## - LOCALIZACIÓN
Ubicación ES-MaACL
Número de control de estantería F-10834
Nota libre - Enc. hol., conservando cub. original
856 ## - LOCALIZACIÓN Y ACCESO ELECTRÓNICOS
Identificador Uniforme de Recursos <a href="http://bdh-rd.bne.es/viewer.vm?id=0000211250&page=1 ">http://bdh-rd.bne.es/viewer.vm?id=0000211250&page=1 </a>
Nota pública Biblioteca Digital Hispánica
Holdings
Estatus retirado Estado de pérdida Estado de daño No para préstamo Colección Biblioteca de origen Biblioteca actual Ubicación en estantería Fecha de adquisición Fuente de adquisición Total de préstamos Signatura topográfica completa Código de barras Visto por última vez Precio de reemplazo Tipo de ítem Koha
        Colección digital Biblioteca del Ateneo de Madrid Biblioteca del Ateneo de Madrid Sala Pecera Planta 2 17/01/2008     F-10834 1159811 23/02/2023 23/02/2023 Libro impreso antiguo